Countries in my alternate Future - Statistics

General Stats
  • This quiz has been taken 54 times
  • The average score is 44 of 97
Answer Stats
Picture Answer % Correct
Albania
86%
Afghanistan
81%
Antarctica
78%
Argentina
70%
Armenia
70%
Austria
70%
Bangladesh
70%
Alaska
68%
Azerbaijan
68%
African Union
65%
China
65%
Colombia
65%
Bolivia
62%
Cyprus
62%
Russia
62%
Ukraine
62%
Chile
59%
England
59%
France
59%
Georgia
59%
Germany
59%
Greece
59%
India
59%
Ireland
59%
Latvia
59%
Lithuania
59%
Norway
59%
Poland
59%
Scotland
59%
Sweden
59%
Switzerland
59%
Czechia
57%
Denmark
57%
Finland
57%
French Guiana
57%
Hungary
57%
Iceland
57%
Indonesia
57%
Kazakhstan
57%
Monaco
57%
Romania
57%
Vatican
57%
Brazil
54%
Guyana
54%
Italy
54%
Liechtenstein
54%
Macedonia
54%
Peru
54%
Samoa
54%
San Marino
54%
Suriname
54%
Turkmenistan
54%
Venezuela
54%
Yugoslavia
54%
Catalonia
51%
Estonia
51%
Paraguay
51%
Sri Lanka
51%
Syria
51%
Chad
49%
Libya
49%
New Zealand
49%
Kurdistan
46%
Persia
46%
Timor
46%
Mongolia
43%
Papua
41%
Türkiye
38%
Arabia
35%
Samí
32%
Australia
30%
Bavaria
30%
Chechnya
30%
Siam
30%
Fiji
27%
East African Federation
24%
Kyrgyzstan
24%
British Turkey
22%
Karakalpakstan
22%
Philippines
19%
Uyghuristan
16%
Hawaii
14%
Siberia
14%
Iberia
11%
Crosnia
8%
Madagascar
8%
North American Union
8%
Algeristan
5%
Caribbean
5%
Gabonia
5%
Greenlandic Empire
5%
Israstine
5%
Mexico
5%
Nepali Empire
5%
South Afristan
5%
Spitzbergen
5%
Sudania
5%
No matching quizzes found
Score Distribution
Percent of People with Each Score
Percentile by Number Answered
Your Score History
You have not taken this quiz